El carril continuo (sistema privilegiado) (Record no. 152983)

MARC details
000 -LEADER
campo de control de longitud fija 00847nam a22001935i 4500
001 - NÚMERO DE CONTROL
campo de control 152983
003 - IDENTIFICADOR DE NÚMERO DE CONTROL
campo de control ES-MaACL
005 - FECHA Y HORA DE LA ÚLTIMA TRANSACCIÓN
campo de control 20230906204949.0
008 - DATOS DE LONGITUD FIJA--INFORMACIÓN GENERAL
campo de control de longitud fija 030120s1898 sp |||| | spa d
040 ## - FUENTE DE CATALOGACIÓN
Centro catalogador/agencia de origen CCPB | B
Lengua de catalogación spa
Centro/agencia transcriptor CCPB | B
245 03 - MENCIÓN DEL TÍTULO
Título El carril continuo (sistema privilegiado)
Resto del título : aplicación de la soldadura á los carriles de los tranvías /
Mención de responsabilidad, etc. [Alfredo León].
260 ## - PUBLICACIÓN, DISTRIBUCIÓN, ETC.
Lugar de publicación, distribución, etc. Madrid :
Nombre del editor, distribuidor, etc. [s.n.],
Fecha de publicación, distribución, etc. 1898 (
Fabricante Est. tip. de Ricardo Fe)
300 ## - DESCRIPCIÓN FÍSICA
Extensión 12 p. ;
Dimensiones 23 cm.
594 ## - Nota al título y mención de responsabilidad
Nota al título y mención de responsabilidad Precede al tít.: "Á las compañías ferroviarias"
594 ## - Nota al título y mención de responsabilidad
Nota al título y mención de responsabilidad El autor del texto es Alfredo León, según se menciona al final del mismo y en nota ms. en la cub. original.
650 #4 - PUNTO DE ACCESO ADICIONAL DE MATERIA--TÉRMINO DE MATERIA
Término de materia o nombre geográfico como elemento de entrada Tranvías.
9 (RLIN) 136944
700 1# - ENTRADA AGREGADA--NOMBRE PERSONAL
Nombre de persona León, Alfredo.
9 (RLIN) 157083
852 ## - LOCALIZACIÓN
Ubicación ES-MaACL
Número de control de estantería T-848-F-6
Nota libre -- Enc. hol. conservando la cub. original
-- -- Enc. en un vol. facticio
Holdings
Estatus retirado Estado de pérdida Estado de daño No para préstamo Colección Biblioteca de origen Biblioteca actual Ubicación en estantería Fecha de adquisición Total de préstamos Signatura topográfica completa Código de barras Visto por última vez Precio de reemplazo Tipo de ítem Koha
        Colección de folletos Biblioteca del Ateneo de Madrid Biblioteca del Ateneo de Madrid Depósito folletos 17/01/2008   T-848-F-6 1159818 23/02/2023 23/02/2023 Folleto